|
|
|
|
| LEADER |
00902nam a2200229 i 4500 |
| 003 |
GR-PaULI |
| 005 |
20230221113131.0 |
| 008 |
170622s2008 -us||||g |||| 00| p eng d |
| 952 |
|
|
|0 0
|1 0
|2 ddc
|4 0
|6 891_991000000000000_1_GUS
|7 0
|9 369036
|a LISP
|b LISP
|c DON
|d 2023-02-21
|e ΠΑΤ
|i 151669
|l 0
|o 891.991 1 GUS
|p 025000297888
|r 2023-02-21 00:00:00
|t 1
|w 2023-02-21
|y BKN
|
| 999 |
|
|
|c 215657
|d 215657
|
| 020 |
|
|
|a 9789951081083
|
| 040 |
|
|
|a GR-PaULI
|b gre
|c GR-PaULI
|e AACR2
|
| 041 |
0 |
|
|a alb
|a eng
|
| 082 |
0 |
4 |
|2 23
|a 891.991 1
|
| 100 |
1 |
|
|9 196253
|a Gusho, Afroviti,
|d 1967-
|e συγγραφέας.
|
| 245 |
1 |
0 |
|a Poezi =
|b Poetry /
|c Afroviti Gusho.
|
| 246 |
1 |
1 |
|a Poetry.
|
| 260 |
|
|
|a Kosova :
|b Gjon Buzuku,
|c 2008.
|
| 300 |
|
|
|a 113 σ. ;
|c 20 εκ.
|
| 546 |
|
|
|a Αλβανικό κείμενο και αγγλική μετάφραση σε αντικρυστές σελίδες.
|
| 942 |
|
|
|2 ddc
|c BK
|
| 998 |
|
|
|c ΜΠΟΥΡΑΣ
|d 2023-02
|